000
00318nam a2200121Ia 4500
008
180205s9999 xx 000 0 und d
020
_a
9789715846172
100
_a
Reyes, Edgardo M
245
_a
Sa mga kuko ng liwanag /
250
_a
2nd ed
260
_a
Quezon City
_b
C & E bookshop
_c
2007
300
_a
vii, 158 pages
999
_c
354742
_d
354742